000 01151nam a2200217Ia 4500
003 Ost
005 20260507075030.0
008 260507s9999||||xx |||||||||||||| ||und||
020 _a×096029957
040 _cfsecg
041 _aara
082 _a330
100 _aالحوراني، ياسر عبد الكريم
_eمؤلف
245 0 _aالفكر الإقتصادي عند الإمام الغزالي /
_c ياسر عبد الكريم الحوراني
260 _aعمان:
_bدار مجدلاوي للنشر,
_c2003
300 _a440 صفحة؛
_bإيضاحات ؛
_c24 سم
520 _aالمرتكزات العقائدية للنشاط الإقتصادي، الجانب الإقتصادي في الفكر الغزالي، النقود والإيراد والإنفاق في الفكر الغزالي، موقف الغزالي من السوق وأحكامه، الدخل الفردي والإنتاج عند الغزالي، الفقر وأبعاده الإقتصادية في الفكر الإمام الغزالي
653 _aالإقتصاد الإسلامي
653 _aالمذاهب الإقتصادية
942 _cكتاب
999 _c42387
_d42387